[Event "Landesliga U20 Sued 1617"]
[Site "Bayern"]
[Date "2017.03.11"]
[Round "7.2"]
[White "Wagner, Moritz"]
[Black "Felser, Tobias"]
[Result "1/2-1/2"]
[WhiteElo "1459"]
[BlackElo "1477"]
[PlyCount "37"]
[EventDate "2016.11.12"]
[EventType "team-tourn"]
[EventRounds "7"]
[EventCountry "GER"]
[SourceTitle "EXT 2022"]
[Source "ChessBase"]
[SourceDate "2021.10.06"]
[SourceVersion "1"]
[SourceVersionDate "2021.10.06"]
[SourceQuality "1"]
[WhiteTeam "Weilheim U20"]
[BlackTeam "Haar U20"]
[WhiteTeamCountry "GER"]
[BlackTeamCountry "GER"]

1. f4 d5 2. d4 Nc6 3. Nf3 Bf5 4. e3 e6 5. Bd3 Bxd3 6. cxd3 Bb4+ 7. Nc3 Nf6 8. Ne5 Bxc3+ 9. bxc3 Nxe5 10. dxe5 Nd7 11. Qa4 c6 12. e4 Nc5 13. Qd4 Na6 14. exd5 Qxd5 15. Qxd5 cxd5 16. d4 0-0 17. 0-0 f6 18. Bd2 Rac8 19. h3 1/2-1/2

[Event "Landesliga U20 Sued 1617"]
[Site "Bayern"]
[Date "2016.12.10"]
[Round "2.2"]
[White "Wagner, Moritz"]
[Black "Semmler, Dominik"]
[Result "0-1"]
[WhiteElo "1459"]
[BlackElo "1938"]
[PlyCount "44"]
[EventDate "2016.11.12"]
[EventType "team-tourn"]
[EventRounds "7"]
[EventCountry "GER"]
[SourceTitle "EXT 2022"]
[Source "ChessBase"]
[SourceDate "2021.10.06"]
[SourceVersion "1"]
[SourceVersionDate "2021.10.06"]
[SourceQuality "1"]
[WhiteTeam "Weilheim U20"]
[BlackTeam "Moosburg SC U20"]
[WhiteTeamCountry "GER"]
[BlackTeamCountry "GER"]

1. f4 d5 2. e3 Nf6 3. Nf3 g6 4. d4 Bg7 5. Nc3 0-0 6. Bd3 b6 7. b3 c5 8. Ba3 Nc6 9. Bb5 Nb8 10. dxc5 Ne4 11. Nxd5 Bxa1 12. cxb6 Bc3+ 13. Ke2 Bf6 14. Nxf6+ exf6 15. Qd3 Qxd3+ 16. Bxd3 Re8 17. Nd4 axb6 18. Bb4 Na6 19. Bb5 Bg4+ 20. Nf3 Nxb4 21. Bxe8 Rxe8 22. h3 Ng3+ 0-1

[Event "Landesliga U20 Sued 1415"]
[Site "Bayern"]
[Date "2014.11.15"]
[Round "1.4"]
[White "Wagner, Moritz"]
[Black "Leidreiter, Daniel"]
[Result "0-1"]
[WhiteElo "1331"]
[BlackElo "1101"]
[PlyCount "52"]
[EventDate "2014.11.15"]
[EventType "team-tourn"]
[EventRounds "7"]
[EventCountry "GER"]
[SourceTitle "EXT 2022"]
[Source "ChessBase"]
[SourceDate "2021.10.06"]
[SourceVersion "1"]
[SourceVersionDate "2021.10.06"]
[SourceQuality "1"]
[WhiteTeam "Weilheim U20"]
[BlackTeam "Forstenried U20"]
[WhiteTeamCountry "GER"]
[BlackTeamCountry "GER"]

1. e4 e5 2. Nc3 Nc6 3. g3 Nf6 4. Bg2 Bc5 5. Nge2 0-0 6. d3 d6 7. 0-0 Nd4 8. Be3 Re8 9. Bxd4 Bxd4 10. Nxd4 exd4 11. Ne2 c5 12. Qd2 d5 13. Qg5 dxe4 14. dxe4 Qe7 15. f3 h6 16. Qh4 b6 17. Rae1 Qc7 18. f4 Bb7 19. e5 Ne4 20. g4 Nd2 21. Rf2 Bxg2 22. Nxd4 cxd4 23. Rxd2 Bb7 24. g5 Qc6 25. Ree2 Qh1+ 26. Kf2 Qg2+ 0-1

[Event "Bayernliga U20 1314"]
[Site "Bayern"]
[Date "2013.11.30"]
[Round "3.6"]
[White "Buzatu, Maximilian"]
[Black "Wagner, Moritz"]
[Result "1-0"]
[WhiteElo "1362"]
[BlackElo "1331"]
[PlyCount "79"]
[EventDate "2013.11.16"]
[EventType "team-tourn"]
[EventRounds "7"]
[EventCountry "GER"]
[SourceTitle "EXT 2022"]
[Source "ChessBase"]
[SourceDate "2021.10.06"]
[SourceVersion "1"]
[SourceVersionDate "2021.10.06"]
[SourceQuality "1"]
[WhiteTeam "Erlangen SC U20"]
[BlackTeam "Weilheim U20"]
[WhiteTeamCountry "GER"]
[BlackTeamCountry "GER"]

1. e4 e5 2. Nf3 Nc6 3. d4 exd4 4. Nxd4 Nf6 5. Nxc6 bxc6 6. Nc3 Bc5 7. Bg5 Qe7 8. Qe2 d6 9. f4 Bd4 10. h3 Bxc3+ 11. bxc3 Qxe4 12. Bxf6 Qxe2+ 13. Bxe2 gxf6 14. Rb1 Rg8 15. Bf3 Kd7 16. Rb2 Ba6 17. Kf2 Rab8 18. Rhb1 Rxb2 19. Rxb2 Bb5 20. Bg4+ Kd8 21. Rb4 Re8 22. c4 Re4 23. Be2 Rxf4+ 24. Ke3 Rh4 25. g3 Rxh3 26. cxb5 Rxg3+ 27. Kf4 Rg2 28. Kf3 c5 29. Ra4 Rh2 30. Rxa7 Rh3+ 31. Kg2 Re3 32. Bd3 h5 33. a4 h4 34. a5 Kc8 35. a6 Kb8 36. Rb7+ Kc8 37. b6 cxb6 38. Rxb6 Re8 39. Rb7 d5 40. Bf5+ 1-0

[Event "Bayernliga U20 1314"]
[Site "Bayern"]
[Date "2013.11.30"]
[Round "2.6"]
[White "Wagner, Moritz"]
[Black "Klinkhammer, Christopher"]
[Result "0-1"]
[WhiteElo "1331"]
[BlackElo "1376"]
[PlyCount "94"]
[EventDate "2013.11.16"]
[EventType "team-tourn"]
[EventRounds "7"]
[EventCountry "GER"]
[SourceTitle "EXT 2022"]
[Source "ChessBase"]
[SourceDate "2021.10.06"]
[SourceVersion "1"]
[SourceVersionDate "2021.10.06"]
[SourceQuality "1"]
[WhiteTeam "Weilheim U20"]
[BlackTeam "Amberg SGS U20"]
[WhiteTeamCountry "GER"]
[BlackTeamCountry "GER"]

1. e4 e5 2. Nf3 d6 3. d3 Nf6 4. c4 g6 5. Nc3 Bg7 6. Bg5 c5 7. Be2 Nc6 8. 0-0 0-0 9. Rb1 Nd4 10. Nd5 Nxe2+ 11. Qxe2 Be6 12. b4 Bxd5 13. exd5 b6 14. h3 Qd7 15. Nh2 Nh5 16. Qe3 f6 17. Bh6 Bxh6 18. Qxh6 Qg7 19. Qxg7+ Kxg7 20. Nf3 Nf4 21. bxc5 bxc5 22. Rb7+ Rf7 23. Rxf7+ Kxf7 24. Rb1 Re8 25. Rb3 Re7 26. Nd2 Ke8 27. Ne4 Kd8 28. Nxd6 f5 29. Nb7+ Kc8 30. Nxc5 Rc7 31. Na6 Rb7 32. Rxb7 Kxb7 33. d6 Kxa6 34. c5 Kb5 35. d7 Ne6 36. Kh2 Kxc5 37. g4 fxg4 38. hxg4 Kd6 39. Kg3 Kxd7 40. Kf3 Kd6 41. Ke3 Kd5 42. f3 h5 43. gxh5 gxh5 44. Kf2 Kd4 45. Kg3 Kxd3 46. Kh4 Ke3 47. Kg3 Ng5 0-1